| 000 | 00373nam a2200157 a 4500 | ||
|---|---|---|---|
| 020 | _a2720505307 | ||
| 040 | _cDLC | ||
| 082 | 0 | 0 | _a581 LEC 1991 A025 Co. |
| 100 | 1 | _aBilly, Cécile. | |
| 245 | 1 | 0 | _aGlossaire de botanique / |
| 260 |
_aParis : _bLechevalier, _c1991. |
||
| 300 |
_a272 p. : _bill. ; _c21 cm. |
||
| 650 | 0 | _aBotany | |
| 650 | 0 | _aFrench language | |
| 942 | _cEK | ||
| 999 |
_c13674 _d13674 |
||